000 00685nam a2200205 i 4500
001 189854
003 ES-MaACL
005 20230906223555.0
008 191212s1967 sp |||| | spa d
100 0 _aLubienska de Lenval, Hélène.
_974500
245 1 3 _aLa educación del sentido litúrgico /
_cH. Lubienska de Lenval ; versión de Antolín G. Fuente.
260 _aMadrid :
_bStvdivm,
_c[1967]
300 _a107 p. ;
_c18 cm.
490 1 _aColección "Liturgia". Serie B ;
_v11
650 0 4 _aLiturgia.
_914683
700 1 _aFuente, Antolin G.
_9167476
830 0 _aColección "Liturgia". Serie B ;
_v11
_9193441
852 _aES-MaACL
_jP-1182-2
999 _c189854
_d189854